Most expensive football transfers - Goalkeepers - 2017-2018 Season - Statistics

General Stats
  • This quiz has been taken 19 times
  • The average score is 5 of 10
Answer Stats
Fee (M €) Nationality Left Joined Player % Correct
40,00 Brazil Benfica Manchester City Ederson
100%
28,50 England Sunderland Everton Jordan Pickford
94%
18,40 Poland Arsenal Juventus Wojciech Szczęsny
72%
11,50 Bosnia and Herzegovina / Canada Chelsea Bournemouth Asmir Begovic
67%
6,00 Australia Valencia Brighton Mathew Ryan
50%
7,00 Brazil Juventus Valencia Neto
44%
5,60 Ireland West Ham Middlesbrough Darren Randolph
33%
5,72 Albania Lazio Atalanta BC Etrit Berisha
11%
4,00 Germany Leicester VfB Stuttgart Ron-Robert Zieler
11%
5,00 Cameroon / Switzerland BSC Young Boys RB Leipzig Yvon Mvogo
11%
No matching quizzes found
Score Distribution
Percent of People with Each Score
Percentile by Number Answered
Your Score History
You have not taken this quiz